Falling into a second chance / Alie Garnett.
Available copies
- 1 of 1 copy available at LARL/NWRL Consortium. (Show)
- 1 of 1 copy available at Northwest Regional Library.
Current holds
0 current holds with 1 total copy.
Show Only Available Copies
| Location | Call Number / Copy Notes | Barcode | Shelving Location | Status | Due Date |
|---|---|---|---|---|---|
| Red Lake Falls Public Library | GAR (Text) | 35500006565889 | Main | Available | - |
Record details
- ISBN: 9781954672116
- Physical Description: 227 pages ; 23 cm.
- Publisher: [Minnesota] : 12-153-44 Publishing ; 2021.
Search for related items by subject
| Subject: | Man-woman relationships. |
Search for related items by series
| LDR | 00217nam a22001093a 4500 | ||
|---|---|---|---|
| 001 | 388799 | ||
| 003 | LARL_NWRL_CONSORTIUM | ||
| 005 | 20220405135505.0 | ||
| 020 | . | ‡a9781954672116 | |
| 100 | 1 | . | ‡aGarnett, Alie. |
| 245 | 1 | 0. | ‡aFalling into a second chance / ‡cAlie Garnett. |
| 260 | . | ‡a[Minnesota] : ‡b12-153-44 Publishing ; ‡c2021. | |
| 300 | . | ‡a227 pages ; ‡c23 cm. | |
| 490 | 0 | . | ‡aGreat lovely falls ; ‡v6 |
| 650 | 0. | ‡aMan-woman relationships. ‡0(LARL_NWRL_CONSORTIUM)38460 | |
| 901 | . | ‡a388799 ‡b ‡c388799 ‡tbiblio ‡sSystem Local | |

Add to basket
Permalink
Enable Highlighting